000
00222nam a22000857a 4500
008
160701b xxu||||| |||| 00| 0 eng d
100
_9
1739
_a
Devi, S
245
_a
Book of Numbers
260
_a
New Delhi
_b
Orient Publication
_c
2005
999
_c
1445
_d
1445